| 000 | 00378nam a2200133Ia 4500 | ||
|---|---|---|---|
| 008 | 100122s9999 xx 000 0 und d | ||
| 082 |
_b38066 _a196.332 |
||
| 100 | _aMCGUIRE W J | ||
| 245 | _aPELE SOCCER TRAINING PROGRAMME. | ||
| 260 |
_bNEWJERSY PELHAM BOOKS _c1905 |
||
| 630 | _aPELE SOCCER TRAINING PROGRAMME. | ||
| 730 | _aPELE SOCCER TRAINING PROGRAMME. | ||
| 942 | _cBOOK | ||
| 999 |
_c371837 _d371834 |
||